Statistics for Scottish Landmarks by Places

Click here to take the quiz!

General Stats

  • This quiz has been taken 84 times
  • The average score is 8 of 15

Answer Stats

HintAnswer% Correct
Forth Rail BridgeEdinburgh
91%
Wallace MonumentStirling
89%
Loch NessInverness
84%
St Machar's CathedralAberdeen
80%
Scone PalacePerth
74%
The LighthouseGlasgow
70%
The Old CourseSt Andrews
69%
Ben NevisFort William
63%
Old Man of StorrIsle of Skye
54%
Skara BraeOrkney
53%
CairngormsAviemore
40%
Callanish Standing StonesIsle of Lewis
37%
Duart CastleIsle of Mull
23%
Machrie Moor Stone CirclesIsle of Arran
16%
Eilean Donan CastleKyle of Localsh
0%

Score Distribution

Percentile by Number Answered

Percent of People with Each Score

Your Score History

You have not taken this quiz